[Event "Ulan-Ude Baikal op 13th"]
[Site "Ulan-Ude"]
[Date "2017.07.18"]
[Round "1"]
[White "Tsybikova, Elina"]
[Black "Nevsky, Igor"]
[Result "0-1"]
[WhiteElo "1325"]
[BlackElo "1794"]
[PlyCount "55"]
[EventDate "2017.07.18"]
[EventType "swiss"]
[EventRounds "9"]
[EventCountry "RUS"]
[SourceTitle "EXT 2018"]
[Source "ChessBase"]
[SourceDate "2017.10.13"]
[SourceVersion "1"]
[SourceVersionDate "2017.10.13"]
[SourceQuality "1"]

1. d4 d5 2. c4 dxc4 3. e4 c5 4. d5 Nf6 5. Nc3 b5 6. e5 b4 7. exf6 bxc3 8. bxc3 gxf6 9. Bxc4 Qa5 10. Bd2 Bg7 11. Rb1 Ba6 12. Bb3 c4 13. Ba4+ Kf8 14. Ne2 Qxd5 15. Nf4 Qe4+ 16. Be3 Nc6 17. Rg1 f5 18. Nd5 Ne5 19. Nc7 f4 20. Nxa8 Nd3+ 21. Ke2 Bxc3 22. Nc7 fxe3 23. fxe3 Bd4 24. Qd2 c3 25. Rb8+ Kg7 26. Ne8+ Rxe8 27. Rxe8 cxd2 28. Kxd2 0-1

[Event "Angarsk-ch"]
[Site "Angarsk"]
[Date "2017.02.27"]
[Round "8"]
[White "Nevsky, Igor"]
[Black "Melkheev, Sergey"]
[Result "1/2-1/2"]
[WhiteElo "1784"]
[BlackElo "1604"]
[PlyCount "103"]
[EventDate "2017.02.20"]
[EventType "swiss"]
[EventRounds "11"]
[EventCountry "RUS"]
[SourceTitle "CBM 177 Extra"]
[Source "ChessBase"]
[SourceDate "2017.04.27"]
[SourceVersion "1"]
[SourceVersionDate "2017.04.27"]
[SourceQuality "1"]

1. e4 e5 2. Nf3 d6 3. d4 exd4 4. Qxd4 Nf6 5. Nc3 Be7 6. Bg5 0-0 7. 0-0-0 Nc6 8. Qd2 Be6 9. Kb1 a6 10. h3 b5 11. Qe3 Nd7 12. Bf4 Nc5 13. Nd4 Nxd4 14. Rxd4 Qb8 15. Nd5 Bxd5 16. exd5 Bf6 17. Rb4 Re8 18. Qc1 Qb7 19. Qd1 Re7 20. Bd3 Rae8 21. Bc1 Re5 22. c4 Nxd3 23. Qxd3 Re4 24. Be3 Qc8 25. g4 Qd8 26. a4 bxc4 27. Rxc4 Qb8 28. b3 Rxc4 29. Qxc4 g6 30. Kc2 a5 31. g5 Bg7 32. h4 Qc8 33. Qd3 Qg4 34. Kb1 Qb4 35. Ka2 Rb8 36. Rc1 Rb7 37. Qc4 Qxc4 38. Rxc4 Kf8 39. Bd2 Ra7 40. Re4 f6 41. Bc3 fxg5 42. Bxg7+ Kxg7 43. hxg5 h6 44. gxh6+ Kxh6 45. Kb2 Kg7 46. Kc2 Rb7 47. f3 Rb6 48. Kc3 c6 49. dxc6 Rxc6+ 50. Rc4 Ra6 51. Rc7+ Kf6 52. f4 1/2-1/2

[Event "Irkutsk Baykal op"]
[Site "Irkutsk"]
[Date "2015.06.05"]
[Round "7"]
[White "Nevsky, Igor"]
[Black "Rozhnev, Gennady"]
[Result "0-1"]
[WhiteElo "1830"]
[BlackElo "2088"]
[PlyCount "118"]
[EventDate "2015.05.30"]
[EventType "swiss"]
[EventRounds "9"]
[EventCountry "RUS"]
[SourceTitle "EXT 2016"]
[Source "ChessBase"]
[SourceDate "2015.10.08"]
[SourceVersion "1"]
[SourceVersionDate "2015.10.08"]
[SourceQuality "1"]

1. e4 c5 2. Nf3 Nc6 3. d4 cxd4 4. Nxd4 Nf6 5. Nc3 e5 6. Ndb5 d6 7. Bg5 a6 8. Na3 Be6 9. Bd3 Rc8 10. 0-0 b5 11. Nd5 Bxd5 12. exd5 Ne7 13. Bxf6 gxf6 14. Nxb5 Nxd5 15. Na3 Nc7 16. c3 Rb8 17. Qe2 d5 18. Rad1 Bxa3 19. bxa3 Qe7 20. Rb1 Ra8 21. Rb7 e4 22. Bxa6 0-0 23. Bb5 Rxa3 24. Qb2 Rfa8 25. Bc6 Rxa2 26. Qb6 Rc8 27. Bxd5 Nxd5 28. Qb3 Ra3 29. Qxd5 Qe6 30. Qxe6 fxe6 31. Rc1 Raxc3 32. Rxc3 Rxc3 33. Kf1 e3 34. f4 Rc2 35. Re7 Rf2+ 36. Kg1 Rd2 37. Kf1 Rd1+ 38. Ke2 Rg1 39. Rxe6 Kf7 40. f5 Rxg2+ 41. Kxe3 Rxh2 42. Ra6 Kg7 43. Ra1 Rh4 44. Kf3 Kh6 45. Rg1 Ra4 46. Rg2 Kh5 47. Rg1 Kh4 48. Rg7 Rb4 49. Rg8 Kh5 50. Rg1 Kh6 51. Rg2 Rh4 52. Rg8 Rh5 53. Kf4 Rg5 54. Rf8 Kg7 55. Ra8 h5 56. Ra7+ Kh6 57. Ra8 Rg4+ 58. Kf3 Kg5 59. Rh8 Rb4 0-1

[Event "Irkutsk Region-ch sf3"]
[Site "Irkutsk"]
[Date "2014.08.07"]
[Round "4"]
[White "Vorobiev, Nikolay"]
[Black "Nevsky, Igor"]
[Result "1-0"]
[WhiteElo "1978"]
[BlackElo "1871"]
[PlyCount "101"]
[EventDate "2014.08.04"]
[EventType "swiss"]
[EventRounds "9"]
[EventCountry "RUS"]
[SourceTitle "EXT 2016"]
[Source "ChessBase"]
[SourceDate "2015.10.08"]
[SourceVersion "1"]
[SourceVersionDate "2015.10.08"]
[SourceQuality "1"]

1. Nf3 d5 2. c4 e6 3. g3 Nf6 4. Bg2 c5 5. 0-0 Nc6 6. b3 Be7 7. Bb2 0-0 8. d3 d4 9. e3 e5 10. exd4 exd4 11. Re1 Bd6 12. Nbd2 Qc7 13. a3 a5 14. Ne4 Nxe4 15. dxe4 Bg4 16. Qd2 Rae8 17. Nh4 Be7 18. Nf3 Bf6 19. h3 Bxf3 20. Bxf3 Be5 21. Rad1 Bd6 22. Bg2 f6 23. Bc1 a4 24. Qc2 axb3 25. Qxb3 Re7 26. Bd2 Kh8 27. Rb1 Rfe8 28. f4 g5 29. e5 fxe5 30. fxe5 Rxe5 31. Rxe5 Rxe5 32. Qxb7 Qxb7 33. Rxb7 Re2 34. Bxg5 Rxg2+ 35. Kxg2 Ne5 36. Rd7 Nxc4 37. Bh6 Kg8 38. a4 Be5 39. a5 Nxa5 40. Rd5 Bf6 41. Rxc5 Nb7 42. Rf5 Be7 43. Bg5 Nd6 44. Re5 Bf8 45. Rd5 Ne4 46. Bf4 Bg7 47. Be5 Bxe5 48. Rxe5 Nc3 49. Re8+ Kf7 50. Rd8 Nb5 51. Rd5 1-0

[Event "Irkutsk Baykal op"]
[Site "Irkutsk"]
[Date "2014.06.15"]
[Round "9"]
[White "Galenpolsky, Mikhail"]
[Black "Nevsky, Igor"]
[Result "0-1"]
[WhiteElo "1745"]
[BlackElo "1892"]
[PlyCount "54"]
[EventDate "2014.06.07"]
[EventType "swiss"]
[EventRounds "9"]
[EventCountry "RUS"]
[SourceTitle "CBM 161 Extra"]
[Source "ChessBase"]
[SourceDate "2014.08.29"]
[SourceVersion "1"]
[SourceVersionDate "2014.08.29"]
[SourceQuality "1"]

1. e4 d5 2. exd5 Nf6 3. Bb5+ Bd7 4. Bxd7+ Qxd7 5. c4 c6 6. dxc6 Nxc6 7. Nc3 e5 8. a3 Bc5 9. b4 Bd4 10. Nge2 0-0 11. Ng3 Rad8 12. Bb2 Bxf2+ 13. Kxf2 Qxd2+ 14. Qe2 Qf4+ 15. Kg1 Rd2 16. Qf3 Qd4+ 17. Kf1 Rxb2 18. c5 e4 19. Ngxe4 Nxe4 20. Nxe4 Qc4+ 21. Kg1 Nd4 22. Qf1 Ne2+ 23. Kf2 Qd4+ 24. Kf3 Qd3+ 25. Kg4 Qxe4+ 26. Kh3 Nf4+ 27. Kg3 Rb3+ 0-1

[Event "Irkutsk Baykal op"]
[Site "Irkutsk"]
[Date "2014.06.07"]
[Round "1"]
[White "Vinkovskaia, Kristina"]
[Black "Nevsky, Igor"]
[Result "0-1"]
[WhiteElo "1632"]
[BlackElo "1892"]
[PlyCount "44"]
[EventDate "2014.06.07"]
[EventType "swiss"]
[EventRounds "9"]
[EventCountry "RUS"]
[SourceTitle "CBM 161 Extra"]
[Source "ChessBase"]
[SourceDate "2014.08.29"]
[SourceVersion "1"]
[SourceVersionDate "2014.08.29"]
[SourceQuality "1"]

1. e4 c5 2. Nf3 d6 3. d4 cxd4 4. Nxd4 Nf6 5. Nc3 a6 6. h3 g6 7. Be3 Bg7 8. Qd2 Nc6 9. Nxc6 bxc6 10. Rb1 Bb7 11. b4 Qc7 12. Bd3 0-0 13. 0-0 Rfd8 14. a4 d5 15. Qe1 d4 16. Bd2 dxc3 17. Bxc3 Nd7 18. Bd2 a5 19. b5 cxb5 20. axb5 Nc5 21. b6 Qc6 22. Bb5 Qxe4 0-1

[Event "Irkutsk Baykal op"]
[Site "Irkutsk"]
[Date "2013.06.03"]
[Round "3"]
[White "Demin, Petr"]
[Black "Nevsky, Igor"]
[Result "1-0"]
[WhiteElo "1949"]
[BlackElo "1867"]
[PlyCount "125"]
[EventDate "2013.06.01"]
[EventType "swiss"]
[EventRounds "9"]
[EventCountry "RUS"]
[SourceTitle "CBM 155 Extra"]
[Source "ChessBase"]
[SourceDate "2013.08.26"]
[SourceVersion "1"]
[SourceVersionDate "2013.08.26"]
[SourceQuality "1"]

1. e4 e5 2. Nf3 Nc6 3. Bb5 a6 4. Ba4 Nf6 5. 0-0 b5 6. Bb3 Be7 7. c3 0-0 8. Bd5 Bb7 9. d3 d6 10. Bb3 d5 11. Qe2 dxe4 12. dxe4 Nd7 13. Rd1 Qe8 14. Be3 Nc5 15. Nbd2 Rd8 16. Bd5 Na4 17. Nb3 Bd6 18. Rd2 Kh8 19. Ng5 Be7 20. h4 Nb6 21. Nc5 Bxg5 22. Bxg5 Rb8 23. Rad1 f6 24. Be3 Na5 25. Bxb7 Nxb7 26. Nxa6 Nc4 27. Rd7 Nbd6 28. Rxc7 Ra8 29. Nb4 Nxe4 30. Qg4 Qg6 31. Qxg6 hxg6 32. Rdd7 Rg8 33. b3 Nxe3 34. fxe3 Rad8 35. Nd5 Rxd7 36. Rxd7 Rc8 37. a4 bxa4 38. bxa4 Nxc3 39. Nb6 Rc5 40. Rd3 e4 41. Rd2 Nb1 42. Rb2 Rc1+ 43. Kh2 Nc3 44. Rb3 Ne2 45. Ra3 Rc7 46. a5 Nc1 47. a6 Ra7 48. Nc8 Ra8 49. a7 Rxc8 50. a8Q Rxa8 51. Rxa8+ Kh7 52. Kg3 Nd3 53. Ra4 f5 54. Ra8 Ne5 55. Kf4 Nd3+ 56. Kg5 Ne1 57. Ra2 Nd3 58. h5 gxh5 59. Kxf5 Nb4 60. Rd2 h4 61. Kxe4 g5 62. Kf5 Kh6 63. e4 1-0

[Event "Irkutsk Baykal op"]
[Site "Irkutsk"]
[Date "2012.06.07"]
[Round "6"]
[White "Nevsky, Igor"]
[Black "Tunik, Sergey"]
[Result "1/2-1/2"]
[WhiteElo "1877"]
[BlackElo "2023"]
[PlyCount "63"]
[EventDate "2012.06.02"]
[EventType "swiss"]
[EventRounds "9"]
[EventCountry "RUS"]
[SourceTitle "EXT 2014"]
[Source "ChessBase"]
[SourceDate "2013.11.20"]
[SourceVersion "1"]
[SourceVersionDate "2013.11.20"]
[SourceQuality "1"]

1. e4 e6 2. d4 d5 3. Nc3 Nf6 4. e5 Nfd7 5. f4 c5 6. Nf3 Nc6 7. Be3 Qb6 8. Na4 Qa5+ 9. c3 cxd4 10. b4 Nxb4 11. cxb4 Bxb4+ 12. Bd2 Bxd2+ 13. Nxd2 b6 14. Nb2 Ba6 15. Bxa6 Qxa6 16. Nb3 Nc5 17. a4 Nxb3 18. Qxb3 Qa5+ 19. Ke2 0-0 20. Nd3 Rfc8 21. Rhc1 Qa6 22. Qb5 Qb7 23. a5 Rc4 24. axb6 axb6 25. Rxa8+ Qxa8 26. Rxc4 dxc4 27. Qxc4 Qxg2+ 28. Nf2 h6 29. Qxd4 Qxh2 30. Kf3 Qh5+ 31. Ke3 Qg6 32. Qxb6 1/2-1/2

[Event "Angarsk op"]
[Site "Angarsk"]
[Date "2011.10.30"]
[Round "9"]
[White "Nevsky, Igor"]
[Black "Kiselyov, Sergey Y"]
[Result "0-1"]
[WhiteElo "1895"]
[BlackElo "2027"]
[PlyCount "88"]
[EventDate "2011.10.23"]
[EventType "swiss"]
[EventRounds "9"]
[EventCountry "RUS"]
[SourceTitle "EXT 2012"]
[Source "ChessBase"]
[SourceDate "2011.11.24"]
[SourceVersion "1"]
[SourceVersionDate "2011.11.24"]
[SourceQuality "1"]

1. e4 e6 2. d4 d5 3. e5 c5 4. c3 Nc6 5. Nf3 Bd7 6. a3 c4 7. Nbd2 Na5 8. h4 h5 9. g3 Bc6 10. Bh3 Qd7 11. 0-0 Ba4 12. Qe2 Bc2 13. Ne1 Bg6 14. Qd1 Qb5 15. Ng2 Nb3 16. Nxb3 Qxb3 17. Qxb3 cxb3 18. Bd2 Ne7 19. Ne3 Nc6 20. f4 Bd3 21. Rf2 g6 22. Rc1 Bxa3 23. Be1 Be7 24. c4 dxc4 25. d5 exd5 26. Nxd5 Bc5 27. Nc7+ Ke7 28. Nxa8 Rxa8 29. Kh2 Bxf2 30. Bxf2 b6 31. Bg2 Rc8 32. Bh3 Rd8 33. g4 Nb4 34. gxh5 gxh5 35. f5 Na2 36. f6+ Ke8 37. Rg1 Bg6 38. Be3 Rd3 39. Bh6 c3 40. Rxg6 fxg6 41. e6 Rf3 42. f7+ Rxf7 43. exf7+ Kxf7 44. bxc3 b2 0-1

[Event "Angarsk op"]
[Site "Angarsk"]
[Date "2011.10.27"]
[Round "6"]
[White "Nevsky, Igor"]
[Black "Bobarykin, Dmitry"]
[Result "0-1"]
[WhiteElo "1895"]
[BlackElo "2239"]
[PlyCount "84"]
[EventDate "2011.10.23"]
[EventType "swiss"]
[EventRounds "9"]
[EventCountry "RUS"]
[SourceTitle "EXT 2012"]
[Source "ChessBase"]
[SourceDate "2011.11.24"]
[SourceVersion "1"]
[SourceVersionDate "2011.11.24"]
[SourceQuality "1"]

1. e4 c5 2. Nf3 d6 3. d4 cxd4 4. Nxd4 Nf6 5. Nc3 e5 6. Ndb5 a6 7. Na3 b5 8. Nab1 Bb7 9. f3 b4 10. Nd5 Nxe4 11. g3 Nf6 12. Bc4 Nbd7 13. Be3 Rc8 14. Bb3 Nxd5 15. Bxd5 Bxd5 16. Qxd5 Rxc2 17. Nd2 Qc8 18. 0-0 Nf6 19. Qb3 d5 20. Qa4+ Qc6 21. Qxc6+ Rxc6 22. Rac1 Rxc1 23. Rxc1 Kd7 24. Nb3 d4 25. Bg5 Bd6 26. Kf2 Rc8 27. Rxc8 Kxc8 28. Bxf6 gxf6 29. Ke2 Kd7 30. g4 Ke6 31. Kd3 f5 32. g5 Kd5 33. Nd2 Be7 34. h4 f6 35. f4 e4+ 36. Ke2 d3+ 37. Kd1 fxg5 38. fxg5 f4 39. Nf1 e3 40. Nh2 Ke4 41. Ng4 d2 42. b3 f3 0-1

[Event "Angarsk op"]
[Site "Angarsk"]
[Date "2011.10.24"]
[Round "3"]
[White "Rozhnev, Gennady"]
[Black "Nevsky, Igor"]
[Result "1-0"]
[WhiteElo "2104"]
[BlackElo "1895"]
[PlyCount "87"]
[EventDate "2011.10.23"]
[EventType "swiss"]
[EventRounds "9"]
[EventCountry "RUS"]
[SourceTitle "EXT 2012"]
[Source "ChessBase"]
[SourceDate "2011.11.24"]
[SourceVersion "1"]
[SourceVersionDate "2011.11.24"]
[SourceQuality "1"]

1. Nf3 Nf6 2. g3 d5 3. c4 e6 4. b3 Be7 5. Bb2 0-0 6. Bg2 c6 7. 0-0 Nbd7 8. Qc2 b6 9. d3 Bb7 10. Nbd2 Qc7 11. cxd5 exd5 12. Nd4 Rfe8 13. Nf5 Bf8 14. e3 Rac8 15. Nf3 c5 16. Rfc1 Qb8 17. Qd1 g6 18. N5h4 Bg7 19. Nd2 Ne5 20. Bxe5 Qxe5 21. d4 Qe7 22. Nhf3 Ne4 23. Rc2 cxd4 24. Rxc8 Rxc8 25. Nxd4 Bxd4 26. exd4 Nc3 27. Qf1 Ne2+ 28. Kh1 Nxd4 29. Qd3 Qc5 30. Re1 Ne6 31. Kg1 Qc2 32. Qxc2 Rxc2 33. Nb1 Rxa2 34. Nc3 Rd2 35. b4 d4 36. Nb1 Bxg2 37. Nxd2 Bd5 38. Ra1 Ng5 39. Rxa7 Nf3+ 40. Nxf3 Bxf3 41. Rd7 b5 42. Rxd4 Be2 43. f4 Kf8 44. Kf2 1-0